[Event "Budapest Vezerkepzo GM-B 11"]
[Site "Budapest"]
[Date "2022.11.25"]
[Round "8"]
[White "Krishnan, Varun"]
[Black "Fogarasi, Tibor"]
[Result "1-0"]
[WhiteElo "2373"]
[BlackElo "2325"]
[PlyCount "65"]
[EventDate "2022.11.17"]
[EventType "tourn"]
[EventRounds "9"]
[EventCountry "HUN"]
[EventCategory "6"]
[SourceTitle "CBM 211 Extra"]
[Source "ChessBase"]
[SourceDate "2023.01.31"]
[SourceVersion "1"]
[SourceVersionDate "2023.01.31"]
[SourceQuality "1"]

1. e4 c5 2. Nf3 e6 3. d4 cxd4 4. Nxd4 a6 5. Be2 d6 6. 0-0 Nf6 7. Nc3 Be7 8. Be3 0-0 9. f4 Nc6 10. Kh1 Bd7 11. Qe1 Nxd4 12. Bxd4 Bc6 13. Qg3 b5 14. a3 g6 15. Bf3 Nd7 16. Rad1 Qc7 17. f5 Ne5 18. Bg4 exf5 19. Rxf5 f6 20. Rf2 Kh8 21. Be3 Qb7 22. Be6 Bxe4 23. Nxe4 Qxe4 24. Rd4 Qc6 25. Bd5 Qd7 26. Bxa8 Rxa8 27. Qf4 Rc8 28. Qe4 Qc7 29. Rd1 f5 30. Qd5 Bf6 31. h3 Nc4 32. Bd4 Be5 33. Re2 1-0

[Event "Budapest Vezerkepzo GM-B 11"]
[Site "Budapest"]
[Date "2022.11.17"]
[Round "1"]
[White "Fogarasi, Tibor"]
[Black "Saydaliev, Saidakbar"]
[Result "0-1"]
[WhiteElo "2325"]
[BlackElo "2376"]
[PlyCount "52"]
[EventDate "2022.11.17"]
[EventType "tourn"]
[EventRounds "9"]
[EventCountry "HUN"]
[EventCategory "6"]
[SourceTitle "CBM 211 Extra"]
[Source "ChessBase"]
[SourceDate "2023.01.31"]
[SourceVersion "1"]
[SourceVersionDate "2023.01.31"]
[SourceQuality "1"]

1. e4 e5 2. Nf3 Nc6 3. Bb5 a6 4. Ba4 Nf6 5. d3 b5 6. Bb3 Bc5 7. Nc3 h6 8. Nd5 d6 9. c3 Rb8 10. Be3 Nxd5 11. Bxd5 Ne7 12. Bb3 Bxe3 13. fxe3 c5 14. 0-0 0-0 15. Nh4 d5 16. exd5 Nxd5 17. Qh5 c4 18. dxc4 Nxe3 19. cxb5 Nxf1 20. Rxf1 Be6 21. Bxe6 Qb6+ 22. Kh1 fxe6 23. Rg1 Qxb5 24. Ng6 Rf6 25. Qg4 Kh7 26. Ne7 Qb7 0-1

[Event "Budapest FS06 IM"]
[Site "Budapest"]
[Date "2022.06.14"]
[Round "9"]
[White "Bodi, Tibor"]
[Black "Fogarasi, Tibor"]
[Result "1/2-1/2"]
[WhiteElo "2333"]
[BlackElo "2320"]
[PlyCount "97"]
[EventDate "2022.06.04"]
[EventType "tourn"]
[EventRounds "9"]
[EventCountry "HUN"]
[SourceTitle "CBM 208 Extra"]
[Source "ChessBase"]
[SourceDate "2022.07.31"]
[SourceVersion "1"]
[SourceVersionDate "2022.07.31"]
[SourceQuality "1"]

1. Nf3 c5 2. c4 Nf6 3. Nc3 g6 4. d4 cxd4 5. Nxd4 Bg7 6. g3 Nc6 7. Bg2 Ng4 8. e3 Nxd4 9. exd4 Nh6 10. g4 d6 11. h3 Ng8 12. Be3 Nf6 13. 0-0 0-0 14. a4 Rb8 15. a5 a6 16. b4 e6 17. Bf4 Ne8 18. Re1 b6 19. axb6 Rxb6 20. Rb1 Bb7 21. c5 Bxg2 22. cxb6 Bb7 23. b5 Qxb6 24. bxa6 Qxa6 25. Qa4 Qxa4 26. Nxa4 Bc6 27. Rb4 Nf6 28. Nc3 Rd8 29. Reb1 h5 30. Rb8 Rxb8 31. Rxb8+ Kh7 32. g5 Nd5 33. Nxd5 Bxd5 34. Be3 Be4 35. Rd8 d5 36. f4 h4 37. Ra8 f6 38. Bf2 fxg5 39. fxg5 Bf5 40. Kh2 e5 41. Ra4 Kg8 42. Kg2 Be4+ 43. Kg1 exd4 44. Bxd4 Bxd4+ 45. Rxd4 Kf7 46. Rd2 Ke6 47. Rf2 Ke5 48. Rf8 Bf5 49. Rh8 1/2-1/2

[Event "Budapest FS06 IM"]
[Site "Budapest"]
[Date "2022.06.08"]
[Round "5"]
[White "Fogarasi, Tibor"]
[Black "Jacobsen, Mikkel Manosri"]
[Result "0-1"]
[WhiteElo "2320"]
[BlackElo "2264"]
[PlyCount "66"]
[EventDate "2022.06.04"]
[EventType "tourn"]
[EventRounds "9"]
[EventCountry "HUN"]
[SourceTitle "CBM 208 Extra"]
[Source "ChessBase"]
[SourceDate "2022.07.31"]
[SourceVersion "1"]
[SourceVersionDate "2022.07.31"]
[SourceQuality "1"]

1. e4 c6 2. Nf3 d5 3. exd5 cxd5 4. Ne5 Nf6 5. d4 g6 6. Nd2 Bg7 7. Ndf3 0-0 8. Be2 Ne4 9. 0-0 Be6 10. c3 f6 11. Nd3 Nc6 12. Nd2 Nd6 13. Nc5 Bf7 14. Bg4 f5 15. Be2 e5 16. dxe5 Nxe5 17. Nf3 Ne4 18. Nxe5 Bxe5 19. Nd3 Bg7 20. f3 Qb6+ 21. Kh1 Nd6 22. Nf4 d4 23. cxd4 Bxd4 24. Qa4 Rfe8 25. Rd1 Bf6 26. Bf1 Rad8 27. Bd2 Qxb2 28. Rac1 Qxa2 29. Qb4 Qb3 30. Qa5 Nc4 31. Bxc4 Bxc4 32. Re1 Rxe1+ 33. Rxe1 Qb5 0-1

[Event "Budapest FS06 IM"]
[Site "Budapest"]
[Date "2022.06.07"]
[Round "4"]
[White "Ivanov, Mikhail M"]
[Black "Fogarasi, Tibor"]
[Result "1/2-1/2"]
[WhiteElo "2328"]
[BlackElo "2320"]
[PlyCount "49"]
[EventDate "2022.06.04"]
[EventType "tourn"]
[EventRounds "9"]
[EventCountry "HUN"]
[SourceTitle "CBM 208 Extra"]
[Source "ChessBase"]
[SourceDate "2022.07.31"]
[SourceVersion "1"]
[SourceVersionDate "2022.07.31"]
[SourceQuality "1"]

1. Nf3 c5 2. c4 g6 3. g3 Nc6 4. Bg2 Bg7 5. Nc3 d6 6. 0-0 e5 7. Ne1 Nge7 8. Nc2 0-0 9. d3 Be6 10. Bg5 h6 11. Bd2 Rb8 12. a3 a6 13. b4 cxb4 14. axb4 d5 15. cxd5 Nxd5 16. Ne4 Re8 17. Rb1 b6 18. Ne3 Nxe3 19. fxe3 Na7 20. Qa4 Bc8 21. Qb3 Be6 22. Qa4 Bc8 23. Qb3 Be6 24. Qa4 Bc8 25. Qb3 1/2-1/2

[Event "Budapest FS06 IM"]
[Site "Budapest"]
[Date "2022.06.06"]
[Round "3"]
[White "Fogarasi, Tibor"]
[Black "Farago, Sandor"]
[Result "1-0"]
[WhiteElo "2320"]
[BlackElo "2143"]
[PlyCount "67"]
[EventDate "2022.06.04"]
[EventType "tourn"]
[EventRounds "9"]
[EventCountry "HUN"]
[SourceTitle "CBM 208 Extra"]
[Source "ChessBase"]
[SourceDate "2022.07.31"]
[SourceVersion "1"]
[SourceVersionDate "2022.07.31"]
[SourceQuality "1"]

1. e4 c5 2. Nc3 d6 3. d4 cxd4 4. Qxd4 Nc6 5. Qd2 Nf6 6. b3 e6 7. Bb2 a6 8. 0-0-0 Be7 9. Kb1 0-0 10. f3 b5 11. g4 b4 12. Na4 d5 13. g5 Ne8 14. h4 Nc7 15. Nh3 Nb5 16. exd5 exd5 17. Qxd5 Be6 18. Qxd8 Rfxd8 19. Bd3 Rab8 20. Nf4 Ncd4 21. Nxe6 Nxe6 22. Be5 Na3+ 23. Kb2 Rbc8 24. c4 bxc3+ 25. Nxc3 Nc5 26. Bf5 Ra8 27. Nd5 Bf8 28. Bc7 Re8 29. Kxa3 Nd3+ 30. b4 Nf2 31. Kb3 Nxh1 32. Rxh1 Re2 33. Be4 Re8 34. Rc1 1-0

[Event "Budapest FS06 IM"]
[Site "Budapest"]
[Date "2022.06.04"]
[Round "1"]
[White "Fogarasi, Tibor"]
[Black "Krzywda, Andrzej"]
[Result "1-0"]
[WhiteElo "2320"]
[BlackElo "2247"]
[PlyCount "55"]
[EventDate "2022.06.04"]
[EventType "tourn"]
[EventRounds "9"]
[EventCountry "HUN"]
[SourceTitle "CBM 208 Extra"]
[Source "ChessBase"]
[SourceDate "2022.07.31"]
[SourceVersion "1"]
[SourceVersionDate "2022.07.31"]
[SourceQuality "1"]

1. e4 c5 2. Nf3 Nc6 3. Bb5 g6 4. 0-0 Bg7 5. c3 Nf6 6. e5 Nd5 7. d4 cxd4 8. cxd4 0-0 9. Nc3 Nxc3 10. bxc3 d6 11. Re1 Bg4 12. exd6 Qxd6 13. a4 Rac8 14. h3 Bf5 15. Ba3 Qf4 16. Bxc6 Rxc6 17. Bxe7 Rxc3 18. Bxf8 Bxf8 19. Rc1 Rd3 20. Qe2 Bd6 21. Qe8+ Kg7 22. Ne5 Rxd4 23. Qxf7+ Kh6 24. g3 Qd2 25. Nf3 Qb4 26. Nxd4 Qxd4 27. Rc4 Qb6 28. Qf6 1-0

[Event "Budapest FS11 GM"]
[Site "Budapest"]
[Date "2020.11.17"]
[Round "9"]
[White "Fogarasi, Tibor"]
[Black "Subelj, Jan"]
[Result "0-1"]
[WhiteElo "2350"]
[BlackElo "2403"]
[PlyCount "38"]
[EventDate "2020.11.07"]
[EventType "tourn"]
[EventRounds "9"]
[EventCountry "HUN"]
[SourceTitle "CBM 199 Extra"]
[Source "ChessBase"]
[SourceDate "2021.01.31"]
[SourceVersion "1"]
[SourceVersionDate "2021.01.31"]
[SourceQuality "1"]

1. d4 Nf6 2. Bf4 d5 3. e3 e6 4. Nd2 Bd6 5. Bg3 c5 6. c3 Qc7 7. Ngf3 Nbd7 8. Bd3 0-0 9. c4 b6 10. e4 cxd4 11. cxd5 exd5 12. Rc1 Nc5 13. Rxc5 bxc5 14. e5 Re8 15. 0-0 Rxe5 16. Nxe5 Bxe5 17. b3 Bxg3 18. fxg3 Bg4 19. Qc2 Qe7 0-1

[Event "HUN-chT 1920"]
[Site "Hungary"]
[Date "2020.08.30"]
[Round "8.8"]
[White "Ongut, Tamas Gunes"]
[Black "Fogarasi, Tibor"]
[Result "1/2-1/2"]
[WhiteElo "2164"]
[BlackElo "2365"]
[PlyCount "101"]
[EventDate "2019.11.16"]
[EventType "team-tourn"]
[EventRounds "9"]
[EventCountry "HUN"]
[SourceTitle "EXT 2021"]
[Source "ChessBase"]
[SourceDate "2020.10.23"]
[SourceVersion "1"]
[SourceVersionDate "2020.10.23"]
[SourceQuality "1"]
[WhiteTeam "Budapest MTK"]
[BlackTeam "Morihana"]
[WhiteTeamCountry "HUN"]
[BlackTeamCountry "HUN"]

1. d4 Nf6 2. c4 g6 3. f3 Nc6 4. d5 Ne5 5. e4 d6 6. Nc3 Bg7 7. f4 Ned7 8. Nh3 Nc5 9. Nf2 e6 10. dxe6 fxe6 11. Be3 b6 12. Qc2 0-0 13. Be2 Bb7 14. 0-0-0 Qe7 15. h4 e5 16. f5 gxf5 17. exf5 Bxg2 18. Rhg1 Bc6 19. h5 Kf7 20. h6 Bh8 21. b4 Ncd7 22. Nfe4 Ke8 23. Bf3 Kd8 24. Rg7 Bxg7 25. hxg7 Qxg7 26. Ng5 Bxf3 27. Ne6+ Ke7 28. Nxg7 Bxd1 29. Qxd1 Rg8 30. Nd5+ Kf7 31. Ne6 Rg4 32. Ndxc7 Rxc4+ 33. Kb2 Rg8 34. Qxd6 Rg2+ 35. Kb1 Rh4 36. Ng5+ Kg8 37. Qe6+ Kh8 38. Nf7+ Kg7 39. Bh6+ Rxh6 40. Nxh6 Kxh6 41. Qb3 Kg5 42. Qe3+ Kg4 43. Nb5 h5 44. Nd6 h4 45. Ne4 Nxe4 46. Qxe4+ Kg3 47. Qd3+ Kf4 48. Qxd7 h3 49. Qh7 h2 50. Qh4+ Kf3 51. Qh3+ 1/2-1/2

[Event "Budapest FS08 GM"]
[Site "Budapest"]
[Date "2020.08.07"]
[Round "6"]
[White "Fogarasi, Tibor"]
[Black "Dardha, Daniel"]
[Result "1/2-1/2"]
[WhiteElo "2361"]
[BlackElo "2445"]
[PlyCount "88"]
[EventDate "2020.08.01"]
[EventType "tourn"]
[EventRounds "9"]
[EventCountry "HUN"]
[EventCategory "6"]
[SourceTitle "EXT 2021"]
[Source "ChessBase"]
[SourceDate "2020.10.23"]
[SourceVersion "1"]
[SourceVersionDate "2020.10.23"]
[SourceQuality "1"]

1. Nf3 c5 2. c4 Nf6 3. Nc3 e6 4. e4 d6 5. d4 cxd4 6. Nxd4 a6 7. Be2 Qc7 8. 0-0 b6 9. Be3 Bb7 10. f3 Be7 11. Rc1 0-0 12. Qd2 Nbd7 13. Rfd1 Rac8 14. a3 Qb8 15. b4 Rfe8 16. Bf1 Bd8 17. Kh1 Bc7 18. Bg1 d5 19. cxd5 Bf4 20. Be3 Bxe3 21. Qxe3 exd5 22. Nf5 dxe4 23. Nxe4 Nxe4 24. Rxc8 Bxc8 25. fxe4 Nf8 26. Qd4 Ne6 27. Qd6 Qb7 28. Qd5 Qc7 29. Qc4 Kf8 30. Qxc7 Nxc7 31. Nd6 Rd8 32. e5 Ne8 33. Rc1 Nxd6 34. exd6 Bb7 35. Rc7 Be4 36. Bxa6 Rxd6 37. Kg1 f5 38. Bf1 Rd1 39. Kf2 Rd2+ 40. Kg1 Rd1 41. Kf2 Ra1 42. Ra7 Ra2+ 43. Kg1 f4 44. a4 Ra1 1/2-1/2

[Event "Budapest FS08 GM"]
[Site "Budapest"]
[Date "2020.08.04"]
[Round "4"]
[White "Fogarasi, Tibor"]
[Black "Kaczur, Florian"]
[Result "0-1"]
[WhiteElo "2361"]
[BlackElo "2507"]
[PlyCount "90"]
[EventDate "2020.08.01"]
[EventType "tourn"]
[EventRounds "9"]
[EventCountry "HUN"]
[EventCategory "6"]
[SourceTitle "EXT 2021"]
[Source "ChessBase"]
[SourceDate "2020.10.23"]
[SourceVersion "1"]
[SourceVersionDate "2020.10.23"]
[SourceQuality "1"]

1. c4 e5 2. Nc3 Nf6 3. a3 d5 4. cxd5 Nxd5 5. e4 Nxc3 6. bxc3 Nc6 7. Nf3 Bd6 8. d4 0-0 9. Bc4 Qf6 10. 0-0 Bg4 11. Be3 Rae8 12. d5 Ne7 13. Be2 Bd7 14. c4 b6 15. Qc2 c5 16. a4 a5 17. Rab1 Nc8 18. g3 Bc7 19. Nh4 Nd6 20. f3 Kh8 21. Bd3 g6 22. Bd2 Qe7 23. Bc3 Kg8 24. Rbe1 f6 25. f4 Qg7 26. f5 gxf5 27. Nxf5 Bxf5 28. exf5 h5 29. Kh1 Kf7 30. Qe2 Rh8 31. Be4 Qh7 32. Rf2 Reg8 33. Bd3 Re8 34. Be4 Re7 35. Bd3 Ke8 36. Be4 Kd8 37. Bd2 Kc8 38. Rb1 Qg8 39. Re1 Rg7 40. Rg2 Rg4 41. Bd3 h4 42. gxh4 Rxg2 43. Qxg2 Qxg2+ 44. Kxg2 Rxh4 45. Rc1 Rd4 0-1

[Event "Budapest FS03 GM"]
[Site "Budapest"]
[Date "2020.03.16"]
[Round "9"]
[White "Mendonca, Leon Luke"]
[Black "Fogarasi, Tibor"]
[Result "1-0"]
[WhiteElo "2458"]
[BlackElo "2361"]
[PlyCount "69"]
[EventDate "2020.03.07"]
[EventType "tourn"]
[EventRounds "9"]
[EventCountry "HUN"]
[SourceTitle "EXT 2021"]
[Source "ChessBase"]
[SourceDate "2020.10.23"]
[SourceVersion "1"]
[SourceVersionDate "2020.10.23"]
[SourceQuality "1"]

1. d4 Nf6 2. c4 g6 3. Nc3 d5 4. cxd5 Nxd5 5. e4 Nxc3 6. bxc3 Bg7 7. Bg5 c5 8. Rc1 0-0 9. Nf3 Bg4 10. d5 Qd6 11. Be2 Bxf3 12. Bxf3 c4 13. 0-0 Nd7 14. Be2 b5 15. f4 Nb6 16. Bh4 e6 17. dxe6 Qxe6 18. e5 Rae8 19. Bg4 Qc6 20. Bf3 Qe6 21. Re1 Qf5 22. g3 f6 23. Bc6 Rc8 24. Be4 Qd7 25. Qxd7 Nxd7 26. e6 Nc5 27. e7 Rfe8 28. Bd5+ Kh8 29. Bf7 Nd3 30. Rcd1 g5 31. fxg5 fxg5 32. Bxg5 Bxc3 33. Rf1 Kg7 34. Bxe8 Rxe8 35. Rf8 1-0

[Event "Budapest FS03 GM"]
[Site "Budapest"]
[Date "2020.03.13"]
[Round "6"]
[White "Grabinsky, Aaron"]
[Black "Fogarasi, Tibor"]
[Result "1-0"]
[WhiteElo "2457"]
[BlackElo "2361"]
[PlyCount "39"]
[EventDate "2020.03.07"]
[EventType "tourn"]
[EventRounds "9"]
[EventCountry "HUN"]
[SourceTitle "CBM 195 Extra"]
[Source "ChessBase"]
[SourceDate "2020.05.31"]
[SourceVersion "1"]
[SourceVersionDate "2020.05.31"]
[SourceQuality "1"]

1. e4 c5 2. Nf3 e6 3. Nc3 a6 4. d4 cxd4 5. Nxd4 Qc7 6. Bd3 Bc5 7. Nb3 Be7 8. f4 d6 9. 0-0 Nf6 10. Qf3 Nc6 11. Bd2 h5 12. Rae1 g6 13. Kh1 Bd7 14. e5 dxe5 15. fxe5 Ng4 16. Qxf7+ Kd8 17. Qg7 Re8 18. Bxg6 Ncxe5 19. Bxe8 Nd3 20. Qxe7+ 1-0

[Event "Budapest FS03 GM"]
[Site "Budapest"]
[Date "2020.03.10"]
[Round "4"]
[White "Ilincic, Zlatko"]
[Black "Fogarasi, Tibor"]
[Result "1/2-1/2"]
[WhiteElo "2420"]
[BlackElo "2361"]
[PlyCount "61"]
[EventDate "2020.03.07"]
[EventType "tourn"]
[EventRounds "9"]
[EventCountry "HUN"]
[SourceTitle "CBM 195 Extra"]
[Source "ChessBase"]
[SourceDate "2020.05.31"]
[SourceVersion "1"]
[SourceVersionDate "2020.05.31"]
[SourceQuality "1"]

1. d4 Nf6 2. c4 g6 3. g3 c6 4. Bg2 d5 5. cxd5 cxd5 6. Nc3 Bg7 7. Nf3 0-0 8. 0-0 Nc6 9. Bf4 Nh5 10. Be3 e6 11. Qd2 Bd7 12. Bh6 Rc8 13. Rfc1 Bxh6 14. Qxh6 Qf6 15. Qd2 Rfd8 16. e3 Ng7 17. Ne1 Nf5 18. Nd3 b6 19. Rc2 Nd6 20. b3 Kg7 21. Rac1 h5 22. h3 Nf5 23. Ne2 Qe7 24. Rc3 Nd6 25. Qb2 Nb5 26. R3c2 Qa3 27. Qxa3 Nxa3 28. Rc3 Nb5 29. R3c2 Na3 30. Rc3 Nb5 31. R3c2 1/2-1/2

[Event "Budapest FS08 GM"]
[Site "Budapest"]
[Date "2019.08.12"]
[Round "8"]
[White "Fogarasi, Tibor"]
[Black "Kumar, Nikhil"]
[Result "1/2-1/2"]
[WhiteElo "2367"]
[BlackElo "2272"]
[PlyCount "96"]
[EventDate "2019.08.03"]
[EventType "tourn"]
[EventRounds "9"]
[EventCountry "HUN"]
[EventCategory "6"]
[SourceTitle "CBM 191 Extra"]
[Source "ChessBase"]
[SourceDate "2019.09.30"]
[SourceVersion "1"]
[SourceVersionDate "2019.09.30"]
[SourceQuality "1"]

1. e4 c6 2. Nf3 d5 3. exd5 cxd5 4. Ne5 Nc6 5. d4 Nxe5 6. dxe5 e6 7. Bd3 Bc5 8. 0-0 Ne7 9. Qh5 Ng6 10. Kh1 Bd7 11. f4 Qc7 12. Nd2 0-0-0 13. Nb3 Bb6 14. c3 Rdf8 15. Nd4 f6 16. Re1 fxe5 17. fxe5 Nf4 18. Bxf4 Rxf4 19. Qg5 Rf7 20. Rf1 h6 21. Qg3 Rxf1+ 22. Rxf1 g5 23. h3 Bc5 24. Qe3 Rf8 25. Kg1 Rxf1+ 26. Kxf1 Qb6 27. Qf2 a5 28. b3 Qc7 29. Qf6 Bxd4 30. Qf8+ Qd8 31. Qxd8+ Kxd8 32. cxd4 a4 33. bxa4 Bxa4 34. Ke2 Kc7 35. Kd2 Kc6 36. g3 Bb5 37. Bg6 Bf1 38. Be8+ Kb6 39. h4 gxh4 40. gxh4 Ka5 41. Kc3 b5 42. a3 Ka4 43. Kb2 Ka5 44. Bd7 Bh3 45. Kb3 Bg4 46. Be8 Bf5 47. Bd7 Bg4 48. Be8 Bf5 1/2-1/2

[Event "Budapest FS07 GM"]
[Site "Budapest"]
[Date "2019.07.12"]
[Round "6"]
[White "Bjerre, Jonas Buhl"]
[Black "Fogarasi, Tibor"]
[Result "1-0"]
[WhiteElo "2503"]
[BlackElo "2372"]
[PlyCount "85"]
[EventDate "2019.07.06"]
[EventType "tourn"]
[EventRounds "9"]
[EventCountry "HUN"]
[EventCategory "7"]
[SourceTitle "EXT 2020"]
[Source "ChessBase"]
[SourceDate "2019.10.17"]
[SourceVersion "1"]
[SourceVersionDate "2019.10.17"]
[SourceQuality "1"]

1. e4 c5 2. Nf3 e6 3. d4 cxd4 4. Nxd4 Nc6 5. Nc3 Qc7 6. Qd3 a6 7. Nxc6 dxc6 8. Qg3 Qxg3 9. hxg3 e5 10. Na4 Be6 11. Bc4 Bxc4 12. Nb6 Rd8 13. Nxc4 Nf6 14. f3 Nd7 15. Bd2 b5 16. Na5 Rc8 17. a4 Nc5 18. axb5 cxb5 19. Ke2 Be7 20. c3 f6 21. b4 Nd7 22. Ra2 Kf7 23. Nb3 Rc6 24. Na1 h6 25. Nc2 Ra8 26. Rha1 h5 27. Ra5 Rb6 28. Ne3 Nb8 29. Nd5 Rb7 30. Be3 Bd8 31. R5a2 Ke6 32. Bc5 g6 33. Ke3 Rh7 34. f4 f5 35. exf5+ Kxf5 36. fxe5 Kxe5 37. Nf4 g5 38. Rd1 Rd7 39. Rad2 Rxd2 40. Rxd2 Bc7 41. Rd5+ Kf6 42. Bd4+ Ke7 43. Rxg5 1-0

[Event "Budapest FS07 GM"]
[Site "Budapest"]
[Date "2019.07.07"]
[Round "2"]
[White "Travadon, Loic"]
[Black "Fogarasi, Tibor"]
[Result "1-0"]
[WhiteElo "2403"]
[BlackElo "2372"]
[PlyCount "51"]
[EventDate "2019.07.06"]
[EventType "tourn"]
[EventRounds "9"]
[EventCountry "HUN"]
[EventCategory "7"]
[SourceTitle "EXT 2020"]
[Source "ChessBase"]
[SourceDate "2019.10.17"]
[SourceVersion "1"]
[SourceVersionDate "2019.10.17"]
[SourceQuality "1"]

1. e4 c5 2. Nf3 e6 3. d4 cxd4 4. Nxd4 a6 5. c4 Nf6 6. Nc3 Qc7 7. Be2 b6 8. 0-0 Bb7 9. Qd3 Nc6 10. Nxc6 Bxc6 11. Be3 Bc5 12. Bxc5 bxc5 13. f4 d6 14. Rae1 0-0 15. Bd1 Rad8 16. Bc2 Qb7 17. Qh3 d5 18. e5 Ne4 19. f5 Qxb2 20. Bxe4 dxe4 21. f6 e3 22. Rxe3 Rd2 23. Rg3 g6 24. Nd1 Qd4+ 25. Nf2 Qxe5 26. Qh6 1-0

[Event "Budapest FS07 GM"]
[Site "Budapest"]
[Date "2019.07.06"]
[Round "1"]
[White "Assaubayeva, Bibissara"]
[Black "Fogarasi, Tibor"]
[Result "1/2-1/2"]
[WhiteElo "2375"]
[BlackElo "2372"]
[PlyCount "88"]
[EventDate "2019.07.06"]
[EventType "tourn"]
[EventRounds "9"]
[EventCountry "HUN"]
[EventCategory "7"]
[SourceTitle "EXT 2020"]
[Source "ChessBase"]
[SourceDate "2019.10.17"]
[SourceVersion "1"]
[SourceVersionDate "2019.10.17"]
[SourceQuality "1"]

1. d4 Nf6 2. c4 g6 3. f3 Nc6 4. d5 Ne5 5. e4 d6 6. Nc3 Bg7 7. f4 Ned7 8. Nh3 Nc5 9. Nf2 0-0 10. Be2 e6 11. 0-0 exd5 12. cxd5 c6 13. dxc6 bxc6 14. Rb1 d5 15. e5 Nfe4 16. Nfxe4 Nxe4 17. Nxe4 dxe4 18. Be3 Qxd1 19. Rfxd1 Be6 20. b3 Bd5 21. Bc4 Rfd8 22. Rd2 Rd7 23. Rbd1 Rad8 24. Bc5 g5 25. g3 gxf4 26. gxf4 Bh6 27. Be3 Kf8 28. Kf2 Ke8 29. Rg1 f5 30. Be2 Kf7 31. Rg3 Ke6 32. Rd1 a5 33. Rdg1 a4 34. bxa4 Rb8 35. Rh3 Bf8 36. Rg8 Rf7 37. Rh6+ Kd7 38. Rh8 Rb2 39. R6xh7 Ke6 40. Kf1 Rb1+ 41. Kf2 Rb2 42. Kf1 Rb1+ 43. Kf2 Rb2 44. Kf1 Rb1+ 1/2-1/2

[Event "HUN-chT 1819"]
[Site "Hungary"]
[Date "2019.02.24"]
[Round "6.4"]
[White "Fogarasi, Tibor"]
[Black "Dobos, Jozsef"]
[Result "1-0"]
[WhiteElo "2382"]
[BlackElo "2277"]
[PlyCount "63"]
[EventDate "2018.11.17"]
[EventType "team-tourn"]
[EventRounds "9"]
[EventCountry "HUN"]
[SourceTitle "CBM 189 Extra"]
[Source "ChessBase"]
[SourceDate "2019.06.03"]
[SourceVersion "1"]
[SourceVersionDate "2019.06.03"]
[SourceQuality "1"]
[WhiteTeam "Penzugyor"]
[BlackTeam "Csuti Hydro"]
[WhiteTeamCountry "HUN"]
[BlackTeamCountry "HUN"]

1. e4 g6 2. d4 Bg7 3. Nc3 c6 4. Nf3 d5 5. h3 Nf6 6. e5 Ne4 7. Nxe4 dxe4 8. Ng5 c5 9. c3 cxd4 10. Qxd4 Qa5 11. Bc4 0-0 12. Qxe4 Qxe5 13. Bf4 Qxe4+ 14. Nxe4 Nc6 15. 0-0-0 Na5 16. Bd3 e5 17. Bg5 f6 18. b4 fxg5 19. bxa5 Be6 20. f3 Rac8 21. Kb2 h6 22. Bc2 Bf5 23. Rd5 Rc7 24. Rhd1 Kh7 25. Rd6 Rff7 26. g4 Bxe4 27. Bxe4 Bf6 28. Re6 Kg7 29. Rdd6 Rce7 30. Rxe7 Rxe7 31. Rd8 Rc7 32. Ra8 1-0